000 00323nam a2200109Ia 4500
008 171211s9999 xx 000 0 und d
245 _aMuslims in Western Europe, 4th Edition
245 _cJonas Otterbeck and Jørgen Nielsen
260 _c2016
650 _xReligion
856 _uhttp://down.ebook777.com/063/1474409334.pdf
999 _c350470
_d350470